Internationale Direktinvestitionen Determinanten und Konsequenzen für den Standort Deutschland

Gespeichert in:
Bibliographische Detailangaben
1. Verfasser: Klodt, Henning
Weitere Verfasser: Maurer, Rainer
Format: Buch
Sprache:Deutsch
Veröffentlicht: Kiel Institut für Weltwirtschaft 1996
Ausgabe:1. ed.
Schriftenreihe:Kieler Diskussionsbeiträge 284
Schlagworte:
Tags: Tag hinzufügen
Keine Tags, Fügen Sie das erste Tag hinzu!

MARC

LEADER 00000nam a2200000 4500
001 c020887
005 20221205125322.6
020 |a 3-89456-130-0 
041 0 |a ger 
044 |a DE 
245 1 0 |a Internationale Direktinvestitionen  |b Determinanten und Konsequenzen für den Standort Deutschland  |c Henning Klodt, Rainer Maurer 
250 |a 1. ed. 
264 1 |a Kiel  |b Institut für Weltwirtschaft  |c 1996 
300 |a 49 s. 
490 1 |a Kieler Diskussionsbeiträge  |v 284 
830 0 |a Kieler Diskussionsbeiträge  |v 284 
610 2 0 |a investície priame zahraničné 
610 2 0 |a akumulácia kapitálu 
610 2 0 |a investície 
610 2 0 |a Nemecko 
100 1 |a Klodt, Henning 
700 1 |a Maurer, Rainer